Gods of the Romans - Statistics

General Stats
  • This quiz has been taken 82 times
  • The average score is 11 of 20
Answer Stats
Hint Answer % Correct
God of war Mars
96%
King of the Roman gods; ruler of the sky and thunder Jupiter
95%
Goddess of beauty Venus
89%
God of the sea, earthquakes, and horses Neptune
87%
Messenger god; patron of travellers Mercury
82%
God of the underworld Pluto
73%
God of the sun, music, and prophecy Apollo
65%
God of love Cupid
65%
Goddess of the hunt Diana
65%
Queen of the gods; goddess of marriage and childbirth Juno
65%
Goddess of wisdom, strategy, and the crafts Minerva
55%
God of wine, ectasy, and ritual madness Bacchus
53%
God of fire and metalworking Vulcan
53%
Two-faced god of beginnings, endings, and doorways Janus
49%
Goddess of agriculture Ceres
40%
Goddess of luck Fortuna
20%
Goddess of war Bellona
16%
God of forests and rustic prophecy Faunus
16%
God of dawn and the morning light Aurora
15%
Goddess of liberty and freedom Libertas
4%
No matching quizzes found
Score Distribution
Percent of People with Each Score
Percentile by Number Answered
Your Score History
You have not taken this quiz